01416nam a22003494a 4500001001200000003000800012006001900020007001500039008004100054010001700095020004000112020003500152040002100187035002000208043001200228050002500240082002500265100002400290245012000314250001600434260005800450300002300508504006400531533015200595650005000747650004500797651003700842655002900879710001700908856012600925999001501051ebr10278476CaPaEBRm u cr cn|||||||||040622s2004 enka sb 001 0 eng  z 2004054704 z0195174135 (hardcover : alk. paper) z0195174127 (pbk. : alk. paper) aCaPaEBRcCaPaEBR a(OCoLC)78517064 an-usu--14aBR563.N4bR25 2004eb04a299.6/0975/090342221 aRaboteau, Albert J.10aSlave religionh[electronic resource] :bthe "invisible institution" in the antebellum South /cAlbert J. Raboteau. aUpdated ed. aOxford ;aNew York :bOxford University Press,c2004. axi, 397 p. :bill. aIncludes bibliographical references (p. 335-388) and index. aElectronic reproduction.bPalo Alto, Calif. :cebrary,d2013.nAvailable via World Wide Web.nAccess may be limited to ebrary affiliated libraries. 0aAfrican AmericanszSouthern StatesxReligion. 0aSlavesxReligious lifezSouthern States. 0aSouthern StatesxChurch history. 7aElectronic books.2local2 aebrary, Inc.40uhttp://site.ebrary.com/lib/rucke/Doc?id=10278476zAn electronic book accessible through the World Wide Web; click to view c4995d4995